| 000 | nam a22 7a 4500 | ||
|---|---|---|---|
| 999 |
_c2040 _d2040 |
||
| 005 | 20170515094632.0 | ||
| 008 | 170515b1992 my ||||| |||| 00| 0 may d | ||
| 040 | _aAKMAL | ||
| 082 | _a354.595 AHM | ||
| 090 |
_a354.595 _bAHM |
||
| 100 | 1 |
_aMalaysia _9417 |
|
| 245 | 0 | 0 |
_aPekeliling kemajuan pentadbiran awam 1992 Jilid 2 / _bPanduan Pengurusan Kualati menyeluruh (TQM) Bagi Perkhidmatan Awam |
| 260 |
_aKuala Lumpur : _bJabatan Perdana Menteri, _c1992 |
||
| 300 |
_b il. ; _c25cm |
||
| 650 | 2 | 0 |
_aCivil service _zMalaysia _9420 |
| 710 | 1 |
_aMalaysia _bJabatan Perdana Menteri _93179 |
|
| 942 |
_2ddc _cBOOK |
||